| 000 | 00755cab a2200229 4500 | ||
|---|---|---|---|
| 001 | WB3430-16 | ||
| 008 | 090401t1998 xxu||||| |||| 00| 0 eng d | ||
| 035 | _a(Sirsi) u87792 | ||
| 041 | _aeng | ||
| 245 | _aSquatters can renovate | ||
| 260 | _c1998 | ||
| 350 | _a0 | ||
| 490 |
_aTimes _v1 August 1998, 14(1) |
||
| 520 | _aResponsible squatters can help to preserve empty buildings that may otherwise fall into decay by playing the role of a caretaker. This can deter vandals and in some cases persuade the local council to save the building from demolition. | ||
| 650 | _aDERELICT BUILDINGS | ||
| 650 | _aEMPTY PROPERTY | ||
| 650 | _aRENOVATION | ||
| 650 | _aSQUATTERS | ||
| 690 | _aECONOMIC AND SOCIAL | ||
| 942 | _n0 | ||
| 948 | _c04/08/1998 | ||
| 999 |
_c55398 _d55398 |
||